Pandémiu už počas sviatkov necítiť
Obchodníci očakávajú návrat ku koreňom v rámci tretej Veľkej noci s covid-19. Optimizmus zaznieva zo strany liehovarníkov, cukrovarníkov či mäsiarov. Slovenský trh je počas daných sviatkov tradičný a poskytujúci kvalitu. V súčasnosti je dopyt po vegánskych produktoch.
Salvato in:
| Autore principale: | |
|---|---|
| Natura: | Capitolo di libro |
| Lingua: | slovacco |
| Soggetti: | |
| Tags: |
Nessun Tag, puoi essere il primo ad aggiungerne!!
|
MARC
| LEADER | 00000naa a2200000 4500 | ||
|---|---|---|---|
| 001 | 0282208 | ||
| 005 | 20240417075156.2 | ||
| 041 | 0 | |a slo | |
| 044 | |a CZ | ||
| 245 | 1 | 0 | |a Pandémiu už počas sviatkov necítiť |c Peter Kapitán |
| 520 | |a Obchodníci očakávajú návrat ku koreňom v rámci tretej Veľkej noci s covid-19. Optimizmus zaznieva zo strany liehovarníkov, cukrovarníkov či mäsiarov. Slovenský trh je počas daných sviatkov tradičný a poskytujúci kvalitu. V súčasnosti je dopyt po vegánskych produktoch. | ||
| 610 | 2 | 0 | |a sviatok štátny |
| 610 | 2 | 0 | |a pandémia |
| 610 | 2 | 0 | |a dopyt spotrebiteľský |
| 610 | 2 | 0 | |a sortiment tovaru |
| 610 | 2 | 0 | |a štýl životný |
| 610 | 2 | 0 | |a kvalita výrobkov |
| 100 | 1 | |a Kapitán, Peter | |